|
|
|
|
| LEADER |
01397nam a22002897a 4500 |
| 001 |
mzk03001016854 |
| 003 |
CZ BrMZK |
| 005 |
20080325141323.0 |
| 007 |
ta |
| 008 |
040421q18251827xo fr|||||00| ||latod |
| 040 |
|
|
|a BOA001
|b cze
|c BOA001
|
| 041 |
0 |
|
|a lat
|a hun
|
| 072 |
|
7 |
|a 094.5
|x Tisky (19. století)
|2 Konspekt
|9 12
|
| 100 |
0 |
|
|a František Štěpán
|b I.,
|c římskoněmecký císař,
|d 1708-1765
|7 jn20000700558
|4 aut
|
| 245 |
1 |
0 |
|a Diarum Comitiorum Regni Hungariae ... in ... Civitatem Posoniensem in diem 11. Septembris Anni 1825 indictorum ... Originale Hungarica lingua conceptum et ... Latinitate donatum.
|n Tomus VI. /
|c a Imperatore Francisco Primo - Felséges Elsö Ferentz ... Császár ... Po'sony ... Várossában ... rendeltetett Magyar Ország Gyülésének Jezygö-könyve
|
| 246 |
3 |
1 |
|a Felséges Elsö Ferentz ... Császár ... Po'sony ... Várossában ... rendeltetett Magyar Ország Gyülésének Jezygö-könyve
|
| 260 |
|
|
|a Posonii :
|b Haer. Belnayani,
|c mezi 1825 a 1827
|
| 300 |
|
|
|a 552 s. ;
|c 2°
|
| 546 |
|
|
|a Souběžný latinský a maďarský název
|
| 910 |
|
|
|a BOA001
|b MKK-0002.039,6
|
| 978 |
|
|
|b Belnay - dědici
|a Bratislava
|c 1825-1827
|
| 984 |
|
|
|a Bratislava
|b Slovensko
|
| 985 |
|
|
|a 1801-1850
|
| 990 |
|
|
|a BK
|
| 993 |
|
|
|a Y
|
| 991 |
|
|
|k mzk
|
| 996 |
6 |
|
|b 2610414823
|c MKK-0002.039,6
|l stud. ST
|r Sklad / do násl. otevíracího dne
|n 0
|w 001016854
|u 000010
|a 1
|e BOA001
|s P
|